DK 77 Gminy przez które przebiega Droga Krajowa 77 - Statystyki

Ogólne statystyki
  • Ten quiz został rozwiązany 8 razy
  • Średni wynik to 16 z 20
Statystyki odpowiedzi
Powiat Gmina % Poprawnych
Jarosławski Jarosław
100%
Jarosławski Jarosław
100%
Leżajski Leżajsk
100%
Leżajski Leżajsk
100%
Niżański Nisko
100%
Sandomierski Sandomierz
100%
Stalowowolski Stalowa Wola
100%
Leżajski Nowa Sarzyna
88%
Przemyśl Przemyśl
88%
Niżański Rudnik nad Sanem
88%
Przeworski Tryńcza
88%
Tarnobrzeski Gorzyce
75%
Opatowski Lipnik
75%
Przemyski Orły
75%
Jarosławski Radymno
75%
Jarosławski Radymno
75%
Stalowowolski Zaleszany
75%
Przemyski Żurawica
63%
Sandomierski Obrazów
38%
Sandomierski Samborzec
38%
Nie znaleziono quizów pasujących do podanych kryteriów
Rozkład punktacji
Procent ludzi z każdym wynikiem
Percentyl według liczby udzielonych odpowiedzi
Twoja historia wyników
Nie rozwiązałeś tego quizu